| 000 | 01381nam a2200409 i 4500 | ||
|---|---|---|---|
| 001 | 25033 | ||
| 003 | KOSZ 005 | ||
| 005 | 20200505111828.0 | ||
| 008 | s1996 pl f |000 0 pol | ||
| 020 | _a838603159X | ||
| 040 |
_cKOSZ 005 _aKOSZ 005 _dKOSZ 005/EG |
||
| 041 | 0 | _apl | |
| 080 | _a338.43 | ||
| 080 | _a(075.8) | ||
| 100 | 1 |
_aWoś, Augustyn _d(1932-2010) _eAutor |
|
| 245 | 1 | 0 |
_aPodstawy agrobiznesu / _cAugustyn Woś. |
| 260 |
_aWarszawa : _bWydawnictwa Prywatnej Wyższej Szkoły Businessu i Administracji, _c1996. |
||
| 300 |
_a202 s. ; _c24 cm. |
||
| 336 |
_2rdacontent _aTekst _btxt |
||
| 337 |
_2rdamedia _aBez urządzenia pośredniczącego _bn |
||
| 338 |
_2rdacarrier _aWolumin _bnc |
||
| 380 | _aKsiążki | ||
| 380 | _aPublikacje dydaktyczne | ||
| 385 |
_mPoziom nauczania _aSzkoły wyższe |
||
| 388 | _a1901-2000 | ||
| 388 | _a1989-2000 | ||
| 504 | _aBibliogr. po rozdz. | ||
| 650 | 7 | _aGospodarka żywnościowa | |
| 650 | 7 | _aRolnictwo | |
| 650 | 7 | _aEkonomika | |
| 655 | _aPodręczniki akademickie | ||
| 658 | _aGospodarka, ekonomia, finanse | ||
| 658 | _aRolnictwo i leśnictwo | ||
| 710 | 2 | _aWydawnictwa Prywatnej Wyższej Szkoły Businessu i Administracji | |
| 856 |
_uhttp://koha.tu.koszalin.pl/cgi-bin/koha/opac-detail.pl?biblionumber=25033 _yKatalog online BPK |
||
| 942 |
_cKS _2UKD |
||
| 999 |
_c25033 _d25033 |
||